000 00717 a2200181 4500
008 090219t xxu||||| |||| 00| 0 eng d
020 _c800.00
037 _bUBH
082 _a570
245 _aBiology:
_berrorless objective practice book for AIPMT/AIIMS/AFMC & various medical entrance exams
250 _arev. ed.
260 _aGwalior
_bUniversal Book Depot
_c2009
270 _aLohiya Bazar Corner,
_bGwalior (M.P.)
_k(0) 0751-2371385, 4071115
_l0751-4070395
_munibook@sancharnet.in
300 _a1850p.
_c28 cm. (Pbk)
942 _adpl
_cEN
_2ddc
_h570
_mBIO
999 _c24087
_d24087